ECO-TOURISM AND ENVIRONMENTAL MANAGEMENT (Record no. 216235)

MARC details
000 -LEADER
fixed length control field 00420nam a22001577a 4500
008 - FIXED-LENGTH DATA ELEMENTS--GENERAL INFORMATION
fixed length control field 251120b |||||||| |||| 00| 0 eng d
020 ## - INTERNATIONAL STANDARD BOOK NUMBER
International Standard Book Number 979-8-88715-120-5
100 ## - MAIN ENTRY--PERSONAL NAME
Personal name MALCOLM, DAVID
245 ## - TITLE STATEMENT
Title ECO-TOURISM AND ENVIRONMENTAL MANAGEMENT
260 ## - PUBLICATION, DISTRIBUTION, ETC.
Place of publication, distribution, etc. DUBLIN, OH
Name of publisher, distributor, etc. ORYSON PRESS
Date of publication, distribution, etc. 2023
300 ## - PHYSICAL DESCRIPTION
Extent VIII, 290P.
500 ## - GENERAL NOTE
General note INCLUDES INDEX
650 ## - SUBJECT ADDED ENTRY
Topical term or geographic name entry element ECOTOURISM
942 ## - ADDED ENTRY ELEMENTS (KOHA)
Source of classification or shelving scheme Library of Congress Classification
Koha item type Long Loan Book
Holdings
Withdrawn status Lost status Source of classification or shelving scheme Damaged status Not for loan Collection Home library Current library Date acquired Inventory number Total checkouts Full call number Barcode Date last seen Copy number Price effective from Koha item type
    Library of Congress Classification     Arts & Social Sciences Kisii University Library Kisii University Library 11/20/2025 109895   G 156.5 .E26 M35 2023 000000000845 11/20/2025 1 11/20/2025 Long Loan Book
    Library of Congress Classification     Arts & Social Sciences Kisii University Library Kisii University Library 11/20/2025 109896   G 156.5 .E26 M35 2023 000000000842 11/20/2025 2 11/20/2025 Long Loan Book
    Library of Congress Classification     Arts & Social Sciences Kisii University Library Kisii University Library 11/20/2025 109897   G 156.5 .E26 M35 2023 000000000843 11/20/2025 3 11/20/2025 Long Loan Book
    Library of Congress Classification     Arts & Social Sciences Kisii University Library Kisii University Library 11/20/2025 109898   G 156.5 .E26 M35 2023 000000000844 11/20/2025 4 11/20/2025 Long Loan Book